Airlines That Fly A380s - Statistics

General Stats
  • This quiz has been taken 184 times
  • The average score is 11 of 13
Answer Stats
# Airline % Correct
95 Emirates
98%
12 British Airways
95%
14 Lufthansa
95%
12 Qantas
93%
10 Air France
92%
9 Etihad Airways
90%
6 Qatar Airways
87%
19 Singapore Airlines
87%
10 Korean Air
84%
6 Thai Airways International
80%
5 China Southern Airlines
74%
6 Malaysia Airlines
71%
6 Asiana Airlines
58%
No matching quizzes found
Score Distribution
Percent of People with Each Score
Percentile by Number Answered
Your Score History
You have not taken this quiz